El Almirante de la VI flota Norteamericana
Descripción Física:
Il·lustracions
Colección:
San Jorge,
; núm. 5 (gener 1952), pàg 47
Materias:
Gardner, Matthias B., -- 1897-1975
; Estats Units d'Amèrica. -- Navy -- Fleet, 6th
; Visites oficials -- Barcelona (Catalunya)
Idioma:
Español
MARC
| LEADER | 00000naa a2200000 a 4500 | ||
|---|---|---|---|
| 003 | Arxiu | ||
| 005 | 20260324181026.0 | ||
| 008 | 160829s1952 spcaxx s spa c | ||
| 040 | |a agdb | ||
| 245 | 0 | 3 | |a El Almirante de la VI flota Norteamericana |
| 246 | 3 | 3 | |a Almirante de la sexta flota Norteamericana |
| 300 | |b Il·lustracions | ||
| 490 | |a San Jorge, |v núm. 5 (gener 1952), pàg 47 | ||
| 600 | 1 | 0 | |9 54664 |a Gardner, Matthias B., |d 1897-1975 |
| 610 | 1 | 0 | |9 54257 |a Estats Units d'Amèrica. |b Navy |b Fleet, 6th |
| 650 | 0 | |a Visites oficials |9 31008 |z Barcelona (Catalunya) | |
| 773 | |t San Jorge. |g Núm. 5 (gener 1952), pàg 47 | ||
| 901 | |a Arxiu | ||
| 942 | |n 1 |2 udc |c ART | ||
| 952 | |0 0 |1 0 |4 0 |6 REV508 |7 1 |9 64614 |a Arxiu |b Arxiu |d 2022-12-02 |l 0 |o Rev-508 |r 2022-12-02 00:00:00 |w 2022-12-02 |y ARXIU |z També disponible a Rev-521 | ||
| 999 | |c 44079 |d 44079 | ||